Estadísticas para Países con las Mayores Reservas de Petróleo

Haz click aquí para intentar la prueba.

Estadísticas generales

  • Esta prueba ha sido intentada 1.937 veces
  • La puntuación promedio es 15 de 20

Estadísticas de respuestas

Millones de barrilesPaís% Correcto
39,230Estados Unidos
97%
266,455Arabia Saudita
95%
80,000Rusia
94%
300,878Venezuela
93%
25,620China
89%
158,400Irán
89%
142,503Irak
88%
169,709Canadá
86%
97,800Emiratos Árabes Unidos
85%
25,244Catar
84%
7,640México
82%
12,999Brasil
78%
101,500Kuwait
72%
12,200Argelia
62%
48,363Libia
59%
30,000Kazajistán
58%
37,062Nigeria
54%
8,273Ecuador
38%
8,273Angola
31%
7,000Azerbaiyán
29%

Distribución de puntuación

Porcentaje por número respondido

Porcentaje de gente con cada puntuación

Historial de tus puntuaciones

No has intentado esta prueba.